[Event "Tournoi francophone 010 Groupe D"]
[Site "Skype"]
[Date "????.??.??"]
[Round "1.1"]
[White "Pilon, Sabrina"]
[Black "Scata, Laura"]
[Result "0-1"]
[WhiteElo "1149"]
[BlackElo "1320"]
[PlyCount "56"]

1. e4 c6 2. c4 d5 3. Nc3 dxe4 4. Nxe4 Bf5 5. Ng3 Bg6 6. Nf3 Nd7 7. Qb3 Qb6 8.
d4 c5 9. h4 h6 10. Be3 e6 11. Rd1 Ngf6 12. dxc5 Bxc5 13. Bxc5 Qxb3 14. axb3
Nxc5 15. h5 Bc2 16. Rd2 Bxb3 17. Be2 O-O 18. O-O Rfd8 19. Rfd1 Bxd1 20. Bxd1
Rxd2 21. Nxd2 Rd8 22. b4 Rxd2 23. bxc5 Rxd1+ 24. Kh2 Rc1 25. f4 Rxc4 26. f5
exf5 27. Nxf5 Rxc5 28. g4 Nxg4+ 0-1

[Event "Tournoi francophone 010 Groupe D"]
[Site "Skype"]
[Date "????.??.??"]
[Round "1.2"]
[White "Douichi, Mohammed"]
[Black "Massez, Konrad"]
[Result "1-0"]
[WhiteElo "1277"]
[BlackElo "1141"]
[PlyCount "191"]

1. d4 e5 2. dxe5 d6 3. exd6 Bxd6 4. Nf3 Nc6 5. Nc3 Bg4 6. e4 Qe7 7. Bd3 O-O-O
8. Nd5 Qe6 9. O-O Nf6 10. Bg5 h6 11. Nf4 Qe7 12. Nd5 Qe6 13. Be3 Nxe4 14. Nf4
Qe7 15. Re1 Nb4 16. Bxe4 Qxe4 17. Bxa7 Bxf4 18. Rxe4 Rxd1+ 19. Rxd1 Bxf3 20.
gxf3 Bd6 21. c3 Rd8 22. Bd4 Nc2 23. f4 Bc5 24. Rd2 f5 25. Re5 Nxd4 26. Rxc5
Nf3+ 27. Kg2 Nxd2 28. Rxf5 Ne4 29. Kf3 Nf6 30. Re5 Rd7 31. Ke2 Ng4 32. Re8+ Rd8
33. Re7 Rg8 34. h3 Nf6 35. Kf3 Rf8 36. Rxg7 Nh5 37. Rg4 Nf6 38. Rg6 Nh5 39.
Rxh6 Nxf4 40. Kg4 Nd3 41. f3 Ne5+ 42. Kg5 Nxf3+ 43. Kg6 Rd8 44. h4 Nxh4+ 45.
Rxh4 Rd7 46. Kf5 Rd2 47. Rb4 Kd7 48. Rxb7 Kc6 49. Rb8 Rd1 50. a4 Ra1 51. b3 Rc1
52. c4 Kc5 53. Rb5+ Kc6 54. a5 Rf1+ 55. Ke4 Re1+ 56. Kd3 Rd1+ 57. Kc2 Rh1 58.
a6 Ra1 59. b4 Rxa6 60. Rc5+ Kb6 61. Kc3 c6 62. Re5 Kb7 63. c5 Kc7 64. Re7+ Kd8
65. Rb7 Kc8 66. Rf7 Kd8 67. Kd4 Ra4 68. Rb7 Kc8 69. Rb6 Kc7 70. Kc3 Ra8 71. Kc4
Ra7 72. b5 cxb5+ 73. Rxb5 Ra6 74. Kd5 Rc6 75. Ra5 Kb7 76. Rb5+ Kc7 77. Kc4 Kc8
78. Ra5 Kc7 79. Ra7+ Kb8 80. Re7 Rc7 81. Re6 Kb7 82. Kb5 Rc8 83. c6+ Kc7 84.
Re7+ Kd8 85. Rd7+ Ke8 86. Kb6 Rxc6+ 87. Kxc6 Kf8 88. Kd6 Ke8 89. Ke6 Kf8 90.
Re7 Kg8 91. Kf6 Kf8 92. Ke6 Kg8 93. Rf7 Kh8 94. Kf6 Kg8 95. Kg6 Kh8 96. Rf8#
1-0

[Event "Tournoi francophone 010 Groupe D"]
[Site "Skype"]
[Date "????.??.??"]
[Round "1.3"]
[White "Mimouni, Driss"]
[Black "Maccaferri, Massimo"]
[Result "1-0"]
[WhiteElo "1139"]
[BlackElo "1215"]
[PlyCount "47"]

1. Nf3 Nc6 2. d4 e5 3. e3 Qe7 4. Nc3 exd4 5. Nd5 Qd8 6. exd4 Nb4 7. Bc4 d6 8.
Nxb4 d5 9. Qe2+ Be7 10. Nxd5 c6 11. Nxe7 Nxe7 12. Bg5 f6 13. Bf4 Bg4 14. Qe3
Bxf3 15. Qxf3 Qxd4 16. Qh5+ g6 17. Qg4 Qxb2 18. O-O Qxc2 19. Qe6 Rd8 20. Qf7+
Kd7 21. Rfd1+ Kc8 22. Be6+ Rd7 23. Bxd7+ Kd8 24. Bf5+ 1-0

[Event "Tournoi francophone 010 Groupe D"]
[Site "Skype"]
[Date "????.??.??"]
[Round "1.4"]
[White "Vervoort, Jean-Louis"]
[Black "Porcabeuf, Jean-Marc"]
[Result "0-1"]
[WhiteElo "1192"]
[BlackElo "1129"]
[PlyCount "48"]

1. d4 d5 2. c4 c6 3. Nc3 Bf5 4. Nf3 Nd7 5. cxd5 cxd5 6. Nxd5 e6 7. Nc3 h6 8. e4
Bh7 9. Bd3 Bb4 10. O-O Ne7 11. a3 Bd6 12. e5 Bxd3 13. Qxd3 Bc7 14. b4 O-O 15.
Bd2 Ng6 16. g3 Qe7 17. Rac1 Bd8 18. Nb5 Nb6 19. Rc2 Rc8 20. Nxa7 Rxc2 21. Qxc2
Qd7 22. Rc1 Be7 23. Qd3 Qd5 24. Rc5 Bxc5 0-1

[Event "Tournoi francophone 010 Groupe D"]
[Site "Skype"]
[Date "????.??.??"]
[Round "1.5"]
[White "Dib, Catherine"]
[Black "Hargez, Dany"]
[Result "0-1"]
[WhiteElo "1048"]
[BlackElo "1189"]
[PlyCount "122"]

1. Nf3 d5 2. g3 Bg4 3. Bg2 Bxf3 4. Bxf3 e5 5. e4 d4 6. d3 Nf6 7. O-O h5 8. Nd2
h4 9. Nc4 Nc6 10. a3 Be7 11. b4 a6 12. Bb2 Nh7 13. Bg2 Ng5 14. c3 h3 15. Bh1
Ne6 16. Re1 Rh6 17. Nd2 Qd7 18. Nf3 g5 19. g4 O-O-O 20. a4 Nf4 21. b5 Qxg4+ 22.
Kf1 Nb8 23. Nxe5 Qxd1 24. Raxd1 f6 25. Nf7 Ng2 26. Nxh6 Nxe1 27. Rxe1 dxc3 28.
Nf7 Rxd3 29. Bc1 c2 30. Ke2 Rd4 31. f3 Rxa4 32. Kd2 Bb4+ 33. Ke2 Bxe1 34. Kxe1
axb5 35. Kd2 Ra2 36. e5 fxe5 37. Nxe5 b4 38. Nd3 b3 39. Kc3 Nc6 40. Kxb3 Ra5
41. Kxc2 Nd4+ 42. Kc3 Ne2+ 43. Kd2 Nd4 44. Kc3 c5 45. Bxg5 Ne2+ 46. Kd2 c4 47.
Kxe2 cxd3+ 48. Kxd3 Rxg5 49. f4 Rg1 50. Be4 b5 51. f5 Kd7 52. Kd4 Rd1+ 53. Kc5
b4 54. Kxb4 Rd4+ 55. Kc5 Rxe4 56. Kd5 Re2 57. f6 Ke8 58. Kd6 Kf7 59. Kd5 Rxh2
60. Ke5 Re2+ 61. Kf5 h2 0-1

[Event "Tournoi francophone 010 Groupe D"]
[Site "Skype"]
[Date "????.??.??"]
[Round "1.6"]
[White "Le Bouill, Pierre"]
[Black "Morin, Claude"]
[Result "1-0"]
[WhiteElo "1182"]
[BlackElo "1047"]
[PlyCount "79"]

1. Nf3 Nf6 2. d4 d5 3. g3 h6 4. Bg2 Nc6 5. c3 b6 6. Qa4 Qd7 7. Ne5 Qd6 8. Nxc6
Bb7 9. b4 b5 10. Qxb5 Bxc6 11. Qd3 Ne4 12. Bxe4 dxe4 13. O-O e6 14. Qd2 Bd5 15.
Na3 Qd7 16. Nc2 Be7 17. Ne3 c6 18. Nxd5 cxd5 19. f3 Bg5 20. Qc2 Be7 21. fxe4
dxe4 22. Qxe4 Qd5 23. Qf3 Qxf3 24. Rxf3 Rc8 25. Bd2 Rd8 26. Raf1 O-O 27. Rf4 f6
28. Re4 Rd6 29. Bf4 e5 30. dxe5 fxe5 31. Rxe5 Bd8 32. Re4 Rdf6 33. e3 Bb6 34.
Rd1 a5 35. a3 Rd8 36. Rxd8+ Bxd8 37. Re8+ Rf8 38. Re4 Bb6 39. Bd6 Kh8 40. Bxf8
1-0

[Event "Tournoi francophone 010 Groupe D"]
[Site "Skype"]
[Date "????.??.??"]
[Round "1.7"]
[White "Canova, Felix"]
[Black "Bacha, Mehdi"]
[Result "0-1"]
[WhiteElo "1000"]
[BlackElo "1174"]
[PlyCount "120"]

1. e4 c5 2. Nf3 g6 3. d4 Bg7 4. Bd3 Nf6 5. Nc3 O-O 6. O-O b6 7. e5 Ne8 8. Ng5
Bh6 9. Qf3 Bxg5 10. Bxg5 f6 11. Bh6 Rf7 12. Qxa8 Nc6 13. Be3 Nc7 14. Qxc6 dxc6
15. d5 cxd5 16. a4 d4 17. Bf4 dxc3 18. bxc3 Nd5 19. Bd2 Bf5 20. Bxf5 gxf5 21.
c4 Nb4 22. e6 Rf8 23. c3 Nc2 24. Rac1 Na3 25. Bh6 Re8 26. Rcd1 Qc8 27. Bc1 Nxc4
28. Rde1 Rd8 29. Kh1 Nd2 30. Bxd2 Rxd2 31. c4 Qd7 32. h3 Qxa4 33. Ra1 Qxc4 34.
Rae1 a5 35. Rc1 Qb5 36. Rb1 Rb2 37. Rbc1 Qe2 38. Rce1 Qc4 39. Rc1 Qe2 40. Rce1
Qc2 41. Rc1 Qb3 42. Rfe1 c4 43. Re3 Qb5 44. Ree1 Rd2 45. Rb1 Qc5 46. Rf1 c3 47.
Rbc1 c2 48. f3 Rf2 49. Kg1 Rd2+ 50. Kh2 Qc4 51. Rfe1 Qa4 52. Kg3 Rd1 53. Kf2
Qd4+ 54. Re3 Rxc1 55. Ke2 Ra1 56. Rd3 Re1+ 57. Kxe1 Qxd3 58. Kf2 c1=Q 59. Kg3
Qe1+ 60. Kf4 Qe5# 0-1

[Event "Tournoi francophone 010 Groupe D"]
[Site "Skype"]
[Date "????.??.??"]
[Round "1.8"]
[White "Lecluyse, Koenraad"]
[Black "Schnell, Nicolas"]
[Result "1-0"]
[WhiteElo "1173"]
[BlackElo "1000"]
[PlyCount "35"]

1. d4 Nf6 2. Nc3 c6 3. e4 e6 4. e5 Ng8 5. Nf3 g5 6. Bxg5 Be7 7. Bxe7 Qxe7 8.
Bd3 c5 9. d5 Qd8 10. O-O Ne7 11. d6 Nd5 12. Ne4 Qa5 13. c3 O-O 14. Nf6+ Nxf6
15. exf6 Qd8 16. Ne5 Qxf6 17. Qh5 Nc6 18. Qxh7# 1-0

[Event "Tournoi francophone 010 Groupe D"]
[Site "Skype"]
[Date "????.??.??"]
[Round "2.1"]
[White "Scata, Laura"]
[Black "Le Bouill, Pierre"]
[Result "1/2-1/2"]
[WhiteElo "1320"]
[BlackElo "1182"]
[PlyCount "76"]

1. d4 Nf6 2. Nf3 g6 3. Bf4 Bg7 4. Qd2 d5 5. Bh6 O-O 6. Bxg7 Kxg7 7. c3 Ne4 8.
Qc2 e6 9. Nbd2 Ng5 10. h4 Nxf3+ 11. Nxf3 h6 12. O-O-O Nd7 13. e4 Nf6 14. e5 Ne4
15. Bd3 f6 16. Bxe4 dxe4 17. Qxe4 f5 18. Qf4 Qd5 19. Kb1 Qe4+ 20. Qxe4 fxe4 21.
Nh2 Rxf2 22. g4 Bd7 23. Rdf1 Raf8 24. Rxf2 Rxf2 25. Nf1 Bb5 26. Ng3 Bc6 27. Re1
Rf4 28. g5 Rxh4 29. gxh6+ Rxh6 30. Nxe4 Bxe4+ 31. Rxe4 Kf7 32. Kc2 c6 33. Kd3
b5 34. b4 g5 35. Rg4 Rh3+ 36. Kc2 Rh2+ 37. Kd3 Rh3+ 38. Kc2 Rh2+ 1/2-1/2

[Event "Tournoi francophone 010 Groupe D"]
[Site "Skype"]
[Date "????.??.??"]
[Round "2.2"]
[White "Bacha, Mehdi"]
[Black "Douichi, Mohammed"]
[Result "1-0"]
[WhiteElo "1174"]
[BlackElo "1277"]
[PlyCount "117"]

1. d4 Nf6 2. Nf3 d5 3. g3 Bf5 4. Bg2 Nc6 5. O-O Nb4 6. Na3 e6 7. c3 Nc6 8. Bf4
a6 9. Nh4 Nh5 10. e3 Bxa3 11. Qxh5 Bxb2 12. Rab1 Bxb1 13. Rxb1 Bxc3 14. Rxb7
Ba5 15. Rb1 O-O 16. Rd1 Qd7 17. Nf3 Qe8 18. Be5 f6 19. Qxe8 Raxe8 20. Bf4 Bb6
21. Rc1 g5 22. Bxc7 Bxc7 23. Rxc6 Ba5 24. Bh3 f5 25. Ne5 g4 26. Bf1 Bd8 27.
Bxa6 Bf6 28. Nd7 Rf7 29. Nc5 e5 30. Nb7 exd4 31. Nd6 d3 32. Bxd3 Ra8 33. Nxf7
Kxf7 34. Rc7+ Kg6 35. Rc2 Ra3 36. Bb5 d4 37. exd4 Bxd4 38. Be8+ Kf6 39. Kf1 Rc3
40. Rd2 Rc4 41. Kg2 Ke5 42. Re2+ Kd5 43. Bf7+ Kc5 44. Be6 f4 45. Bxg4 fxg3 46.
Kxg3 Rc3+ 47. f3 Rc1 48. Bf5 Rg1+ 49. Rg2 Be5+ 50. f4 Bxf4+ 51. Kf3 Rf1+ 52.
Ke4 h6 53. Bh3 Re1+ 54. Kxf4 Re8 55. Rc2+ Kd4 56. Kg4 Re4+ 57. Kh5 Kd3 58. Bf5
Kxc2 59. Bxe4+ 1-0

[Event "Tournoi francophone 010 Groupe D"]
[Site "Skype"]
[Date "????.??.??"]
[Round "2.3"]
[White "Hargez, Dany"]
[Black "Lecluyse, Koenraad"]
[Result "1-0"]
[WhiteElo "1189"]
[BlackElo "1173"]
[PlyCount "67"]

1. e4 e6 2. d4 d5 3. Nf3 c5 4. exd5 exd5 5. Nc3 Nf6 6. Bg5 Bg4 7. Be2 Nc6 8.
Bb5 Bxf3 9. Qxf3 cxd4 10. Bxc6+ bxc6 11. Ne2 Be7 12. O-O-O h6 13. Bh4 Rb8 14.
Nxd4 O-O 15. Nxc6 Qb6 16. Nxe7+ Kh7 17. b3 Ne4 18. Qf5+ Kh8 19. Nxd5 Qa5 20.
Qxe4 Qxa2 21. Nc3 Qa1+ 22. Nb1 Rbd8 23. Qe2 Qa5 24. f4 Qf5 25. Rd2 Qxf4 26. Bg3
Qf5 27. Rhd1 a5 28. Rd5 Qg6 29. Rxa5 Qb6 30. Rb5 Qa6 31. Rdd5 Qc6 32. c4 Rfe8
33. Qd3 Re1+ 34. Bxe1 1-0

[Event "Tournoi francophone 010 Groupe D"]
[Site "Skype"]
[Date "????.??.??"]
[Round "2.4"]
[White "Porcabeuf, Jean-Marc"]
[Black "Mimouni, Driss"]
[Result "1-0"]
[WhiteElo "1129"]
[BlackElo "1139"]
[PlyCount "47"]

1. e4 e5 2. Nf3 Nc6 3. d4 Bd6 4. c3 Nf6 5. Bg5 O-O 6. Nbd2 h6 7. Be3 Ng4 8. Nc4
Be7 9. dxe5 Bh4 10. Nxh4 Qxh4 11. Qd2 d6 12. exd6 cxd6 13. g3 Qh5 14. Be2 Re8
15. h3 Rxe4 16. O-O-O Qg6 17. Nxd6 Qe6 18. Nxe4 Bd7 19. Bxg4 Qxa2 20. Bxd7 Rd8
21. Bxh6 gxh6 22. Nf6+ Kf8 23. Rhe1 Ne7 24. Qxh6# 1-0

[Event "Tournoi francophone 010 Groupe D"]
[Site "Skype"]
[Date "????.??.??"]
[Round "2.5"]
[White "Maccaferri, Massimo"]
[Black "Vervoort, Jean-Louis"]
[Result "1-0"]
[WhiteElo "1215"]
[BlackElo "1192"]
[PlyCount "75"]

1. e4 e5 2. Nc3 Bb4 3. Nf3 Bxc3 4. dxc3 d6 5. Bc4 h6 6. h3 Nf6 7. Qe2 O-O 8. g4
Nc6 9. Rg1 Kh8 10. g5 Nh5 11. gxh6 gxh6 12. Bxh6 Rg8 13. Ng5 Be6 14. Bxe6 fxe6
15. Nf7+ Kh7 16. Nxd8 Rxg1+ 17. Kd2 Rxa1 18. Qxh5 Rxd8 19. Bg5+ Kg7 20. Qh6+
Kf7 21. Qh7+ Kf8 22. Qh8+ Kf7 23. Bxd8 Nxd8 24. Qxd8 Rxa2 25. h4 Kg6 26. Qg8+
Kh5 27. Qh7+ Kg4 28. h5 Ra1 29. h6 Rh1 30. Qg6+ Kf3 31. h7 Rh2 32. Qf7+ Kg2 33.
Qg8+ Kf3 34. h8=Q Rxf2+ 35. Kd3 Re2 36. Qh3+ Kf2 37. Qf7+ Kg1 38. Qff1# 1-0

[Event "Tournoi francophone 010 Groupe D"]
[Site "Skype"]
[Date "????.??.??"]
[Round "2.6"]
[White "Morin, Claude"]
[Black "Pilon, Sabrina"]
[Result "0-1"]
[WhiteElo "1047"]
[BlackElo "1149"]
[PlyCount "58"]

1. e4 c5 2. Nf3 d6 3. d4 cxd4 4. Nxd4 g6 5. c4 Bg7 6. Be3 Nf6 7. Nc3 O-O 8. Be2
Nbd7 9. Nf3 a6 10. O-O Rb8 11. Qb3 Qc7 12. h3 Nc5 13. Bxc5 Qxc5 14. Qa3 Qc7 15.
b3 Nxe4 16. Rac1 Nxc3 17. Qb2 Nxe2+ 18. Qxe2 Bd7 19. Qxe7 Rfe8 20. Qh4 Qa5 21.
a4 b5 22. Rfd1 bxa4 23. Rxd6 Red8 24. Qg5 Qxg5 25. Nxg5 a5 26. bxa4 Bxa4 27.
Rxd8+ Rxd8 28. Ra1 Be5 29. g3 Bxa1 0-1

[Event "Tournoi francophone 010 Groupe D"]
[Site "Skype"]
[Date "????.??.??"]
[Round "2.7"]
[White "Massez, Konrad"]
[Black "Canova, Felix"]
[Result "0-1"]
[WhiteElo "1141"]
[BlackElo "1000"]
[PlyCount "104"]

1. e4 e5 2. d4 d5 3. exd5 exd4 4. Qxd4 Ne7 5. Nc3 Nf5 6. Qe4+ Ne7 7. Bg5 f6 8.
Bf4 Bf5 9. Qe2 Nd7 10. Nb5 Rc8 11. Nxc7+ Rxc7 12. Bxc7 Qxc7 13. O-O-O Qe5 14.
Nf3 Qe4 15. Qxe4 Bxe4 16. Be2 g6 17. d6 Bh6+ 18. Kb1 Nd5 19. Bd3 f5 20. Rhe1
Kf7 21. Bxe4 fxe4 22. Rxe4 N5f6 23. Red4 Re8 24. Rc4 Nb6 25. Rc7+ Ke6 26. Nd4+
Kxd6 27. Rxb7 Nc8 28. Rb8 Kd7 29. b3 Ne4 30. Rd3 Nd2+ 31. Kc1 Ne4+ 32. Kb1 Nc5
33. Rh3 Re1+ 34. Kb2 Bc1+ 35. Kc3 Ne4+ 36. Kb4 Kc7 37. Rb5 a6 38. Rxh7+ Kd6 39.
Rb8 Be3 40. fxe3 Rxe3 41. Rxc8 Nf6 42. Rg7 Re5 43. Ra8 Nd5+ 44. Ka3 Nc7 45.
Rxg6+ Kd7 46. g4 Ra5+ 47. Kb2 Nxa8 48. h4 Rd5 49. Nf5 Nc7 50. h5 Ne6 51. h6 Nf8
52. Rg8 Ke8 0-1

[Event "Tournoi francophone 010 Groupe D"]
[Site "Skype"]
[Date "????.??.??"]
[Round "2.8"]
[White "Schnell, Nicolas"]
[Black "Dib, Catherine"]
[Result "0-1"]
[WhiteElo "1000"]
[BlackElo "1048"]
[PlyCount "62"]

1. e4 c5 2. Bc4 Nc6 3. Nf3 Nf6 4. e5 Ng4 5. d4 cxd4 6. Nxd4 Ngxe5 7. Bd5 e6 8.
Nxe6 dxe6 9. Be4 Qxd1+ 10. Kxd1 Be7 11. Nc3 O-O 12. Re1 Rd8+ 13. Nd5 exd5 14.
Bxh7+ Kxh7 15. Re3 Bf5 16. Rg3 Bc5 17. Bg5 f6 18. Bf4 Bxf2 19. Rc3 d4 20. Rc5
d3 21. c4 Rac8 22. Rb5 b6 23. c5 Nd4 24. Rb4 Nc2 25. Ra4 Nxa1 26. Rxa7 Rxc5 27.
Kd2 Rc2+ 28. Kd1 d2 29. h3 Rc1+ 30. Ke2 d1=Q+ 31. Kxf2 Qe1# 0-1

[Event "Tournoi francophone 010 Groupe D"]
[Site "Skype"]
[Date "????.??.??"]
[Round "3.1"]
[White "Bacha, Mehdi"]
[Black "Scata, Laura"]
[Result "0-1"]
[WhiteElo "1174"]
[BlackElo "1320"]
[PlyCount "118"]

1. d4 c6 2. e3 d5 3. f4 Nf6 4. Nf3 Bg4 5. Bd3 Nbd7 6. O-O c5 7. c3 Ne4 8. Nbd2
cxd4 9. exd4 e6 10. Qc2 Bxf3 11. Rxf3 f5 12. Qd1 Bd6 13. Nf1 O-O 14. Be3 Qh4
15. Qe2 Ndf6 16. Rh3 Qg4 17. Ng3 Bxf4 18. Nxe4 dxe4 19. Qxg4 Bxe3+ 20. Rxe3
Nxg4 21. Rg3 exd3 22. Rxd3 Rae8 23. h3 Nf6 24. a3 e5 25. Re1 e4 26. Rdd1 f4 27.
d5 e3 28. d6 Ne4 29. d7 Rd8 30. Rd4 Ng3 31. Kh2 g5 32. b4 Rf7 33. h4 h6 34. h5
Rdxd7 35. Kh3 Rxd4 36. cxd4 Nxh5 37. Kg4 Ng7 38. g3 h5+ 39. Kf3 g4+ 40. Ke4
Re7+ 41. Kxf4 Ne6+ 42. Kxe3 Kf7 43. Rf1+ Ke8 44. Ke4 Nc5+ 45. Kd5 Ne4 46. Kc4
Nxg3 47. Rg1 Ne2 48. Rh1 Rh7 49. Re1 Re7 50. d5 Kd7 51. Kd3 Nf4+ 52. Kd2 Rxe1
53. Kxe1 h4 54. Kf1 g3 55. Kg1 h3 56. a4 Ne2+ 57. Kh1 g2+ 58. Kh2 g1=Q+ 59.
Kxh3 Qg3# 0-1

[Event "Tournoi francophone 010 Groupe D"]
[Site "Skype"]
[Date "????.??.??"]
[Round "3.2"]
[White "Porcabeuf, Jean-Marc"]
[Black "Hargez, Dany"]
[Result "0-1"]
[WhiteElo "1129"]
[BlackElo "1189"]
[PlyCount "72"]

1. e4 e5 2. Nf3 Nf6 3. Nc3 Nc6 4. d4 d6 5. d5 Nd4 6. Nxd4 exd4 7. Qxd4 Be7 8.
h3 O-O 9. Be2 Nd7 10. Bf3 Bf6 11. Qd2 Ne5 12. Bh5 Ng6 13. O-O Bxc3 14. Qxc3 Qh4
15. Bf3 Bxh3 16. gxh3 Qxh3 17. Bg2 Qg4 18. Re1 Nh4 19. Kf1 Qxg2+ 20. Ke2 Qf3+
21. Kd2 Qxf2+ 22. Kd1 Qg2 23. Be3 Nf3 24. Re2 Qf1+ 25. Re1 Nxe1 26. Qxe1 Qf6
27. c3 Qg6 28. Kc2 Rae8 29. Bd4 Rxe4 30. Qf2 Rf4+ 31. Kb3 Rxf2 32. Bxf2 Qg2 33.
Bd4 Qxd5+ 34. Ka3 a5 35. Rg1 b5 36. Rg5 Qxg5 0-1

[Event "Tournoi francophone 010 Groupe D"]
[Site "Skype"]
[Date "????.??.??"]
[Round "3.3"]
[White "Le Bouill, Pierre"]
[Black "Pilon, Sabrina"]
[Result "0-1"]
[WhiteElo "1182"]
[BlackElo "1149"]
[PlyCount "58"]

1. e4 c5 2. Nf3 d6 3. h3 Nf6 4. Nc3 g6 5. Bc4 Bg7 6. Ng5 O-O 7. O-O Nc6 8. Ne2
Ne5 9. Bb3 b5 10. a4 c4 11. Ba2 bxa4 12. d3 Ba6 13. dxc4 Nxc4 14. Bxc4 Bxc4 15.
Rxa4 Qc7 16. b3 Bb5 17. Ra3 Rac8 18. c4 Bxc4 19. bxc4 Qxc4 20. Re3 a5 21. Rc3
Qb4 22. Qc2 Rxc3 23. Qxc3 Rb8 24. Ba3 Nxe4 25. Qxb4 axb4 26. Nxe4 bxa3 27. N4c3
f5 28. Ra1 Rb3 29. Nb1 Bxa1 0-1

[Event "Tournoi francophone 010 Groupe D"]
[Site "Skype"]
[Date "????.??.??"]
[Round "3.4"]
[White "Lecluyse, Koenraad"]
[Black "Mimouni, Driss"]
[Result "0-1"]
[WhiteElo "1173"]
[BlackElo "1139"]
[PlyCount "26"]

1. d4 d5 2. Nf3 Nc6 3. Bf4 e6 4. e3 Nf6 5. Bd3 Bd6 6. Bxd6 cxd6 7. O-O O-O 8.
Re1 e5 9. Bb5 Bd7 10. c3 Ne4 11. Nfd2 a6 12. Bxc6 bxc6 13. Nf1 Qf6 0-1

[Event "Tournoi francophone 010 Groupe D"]
[Site "Skype"]
[Date "????.??.??"]
[Round "3.5"]
[White "Canova, Felix"]
[Black "Maccaferri, Massimo"]
[Result "0-1"]
[WhiteElo "1000"]
[BlackElo "1215"]
[PlyCount "104"]

1. e4 e5 2. Nf3 Nc6 3. Bb5 Qf6 4. d4 exd4 5. Bg5 Qg6 6. Qe2 h6 7. Bf4 Qxg2 8.
Rf1 g5 9. Rg1 Qh3 10. e5 gxf4 11. Nbd2 Nb4 12. Rc1 Nxa2 13. Ra1 Nb4 14. Ba4 b5
15. Bb3 a5 16. Qf1 Qf5 17. Qe2 a4 18. Qe4 d5 19. Qxf5 Bxf5 20. Nxd4 axb3 21.
Nxf5 Nxc2+ 22. Ke2 Rxa1 23. Rxa1 Nxa1 24. f3 Nc2 25. Kd3 Ne1+ 26. Ke2 Ng2 27.
Kf2 Ne3 28. Nxe3 fxe3+ 29. Kxe3 Bc5+ 30. Kd3 Ne7 31. Nxb3 Bg1 32. h3 Bh2 33.
Kd4 c6 34. Kc5 Rg8 35. Kb6 Rg3 36. Nd4 Rxf3 37. Nxf3 Bf4 38. h4 Be3+ 39. Kb7 d4
40. b4 d3 41. Kb8 d2 42. Nxd2 Bxd2 43. Kc7 Bxb4 44. h5 Ba5+ 45. Kd6 b4 46. e6
fxe6 47. Kxe6 b3 48. Kf6 b2 49. Kg7 Nf5+ 50. Kg6 b1=Q 51. Kf6 Bd8+ 52. Ke6 Qe4#
0-1

[Event "Tournoi francophone 010 Groupe D"]
[Site "Skype"]
[Date "????.??.??"]
[Round "3.6"]
[White "Vervoort, Jean-Louis"]
[Black "Schnell, Nicolas"]
[Result "1-0"]
[WhiteElo "1192"]
[BlackElo "1000"]
[PlyCount "63"]

1. d4 g6 2. e4 Nf6 3. e5 Nd5 4. Bc4 e6 5. Nf3 Nb6 6. Bb3 Bb4+ 7. Bd2 Nc6 8.
Bxb4 Nxb4 9. a3 N4d5 10. O-O Nf4 11. g3 Nbd5 12. gxf4 Nxf4 13. Qd2 Nh3+ 14. Kh1
d6 15. Kg2 Ng5 16. Nxg5 dxe5 17. dxe5 Qxd2 18. Nxd2 Bd7 19. f3 O-O-O 20. Nxf7
Rhf8 21. Nxd8 Rxd8 22. Ne4 Rf8 23. Rad1 Bc6 24. Bxe6+ Bd7 25. Bxd7+ Kd8 26. Nc5
Ke7 27. Bg4 h5 28. Rd7+ Ke8 29. Be6 Rf4 30. Rfd1 h4 31. Rd8+ Ke7 32. R1d7# 1-0

[Event "Tournoi francophone 010 Groupe D"]
[Site "Skype"]
[Date "????.??.??"]
[Round "3.8"]
[White "Gagnon, Sindy"]
[Black "Morin, Claude"]
[Result "0-1"]
[WhiteElo "1000"]
[BlackElo "1047"]
[PlyCount "40"]

1. e4 e5 2. Nf3 Nc6 3. Bc4 b5 4. Bxb5 Nf6 5. O-O Nd4 6. c3 Nxb5 7. Nxe5 Nd6 8.
d3 h6 9. Qd2 Qe7 10. Re1 Qxe5 11. d4 Qa5 12. e5 Nd5 13. exd6+ Kd8 14. dxc7+
Qxc7 15. c4 Qxc4 16. b3 Qc6 17. Qa5+ Qc7 18. Qxd5 Bb4 19. Re4 Qxc1+ 20. Re1
Qxe1# 0-1

[Event "Tournoi francophone 010 Groupe D"]
[Site "Skype"]
[Date "????.??.??"]
[Round "4.1"]
[White "Hargez, Dany"]
[Black "Le Bouill, Pierre"]
[Result "1-0"]
[WhiteElo "1189"]
[BlackElo "1182"]
[PlyCount "23"]

1. e4 c5 2. Nf3 Nc6 3. d4 g6 4. d5 e6 5. Bc4 Qa5+ 6. Nc3 exd5 7. exd5 Nb4 8.
O-O Bg7 9. Qe2+ Kd8 10. d6 f6 11. Bxg8 Rxg8 12. Qe7# 1-0

[Event "Tournoi francophone 010 Groupe D"]
[Site "Skype"]
[Date "????.??.??"]
[Round "4.2"]
[White "Scata, Laura"]
[Black "Porcabeuf, Jean-Marc"]
[Result "1-0"]
[WhiteElo "1320"]
[BlackElo "1129"]
[PlyCount "25"]

1. d4 d5 2. Nf3 c6 3. Bf4 e6 4. e3 Bd6 5. Bg3 Nf6 6. Ne5 O-O 7. Nd2 Qc7 8. f4
Nbd7 9. Bd3 c5 10. c3 Nxe5 11. fxe5 Nd7 12. exd6 c4 13. dxc7 1-0

[Event "Tournoi francophone 010 Groupe D"]
[Site "Skype"]
[Date "????.??.??"]
[Round "4.3"]
[White "Maccaferri, Massimo"]
[Black "Bacha, Mehdi"]
[Result "1-0"]
[WhiteElo "1215"]
[BlackElo "1174"]
[PlyCount "87"]

1. e4 c5 2. Bc4 d6 3. d4 Be6 4. d5 Bd7 5. Qe2 Qc7 6. Bb5 Bxb5 7. Qxb5+ Nd7 8.
c3 O-O-O 9. Be3 a6 10. Qa4 Nb6 11. Qc2 g6 12. Bd2 Bg7 13. Nf3 Nf6 14. Ng5 e6
15. dxe6 fxe6 16. Nxe6 Qd7 17. Nxd8 Rxd8 18. c4 Qe8 19. f3 Nbd7 20. Ba5 b6 21.
Bc3 a5 22. Na3 Ne5 23. Nb5 Nxc4 24. Na7+ Kb8 25. Bxf6 Bxf6 26. Nb5 Bxb2 27. Rb1
d5 28. a4 h5 29. O-O Ne3 30. Qxb2 Nxf1 31. Kxf1 dxe4 32. Re1 Kb7 33. Rxe4 Qd7
34. Rd4 cxd4 35. Qe2 d3 36. Qe4+ Ka6 37. Ke1 d2+ 38. Kd1 Re8 39. Nc7+ Qxc7 40.
Qxe8 Qc1+ 41. Ke2 d1=Q+ 42. Kf2 Qcc2+ 43. Kg3 Qc5 44. Qa8# 1-0

[Event "Tournoi francophone 010 Groupe D"]
[Site "Skype"]
[Date "????.??.??"]
[Round "4.5"]
[White "Pilon, Sabrina"]
[Black "Vervoort, Jean-Louis"]
[Result "1-0"]
[WhiteElo "1149"]
[BlackElo "1192"]
[PlyCount "33"]

1. e4 e5 2. Nf3 Nc6 3. d4 exd4 4. Nxd4 d6 5. Be3 Nf6 6. Nc3 Bg4 7. f3 Bh5 8. g4
Bg6 9. Qd2 Qd7 10. Bc4 b6 11. h4 h5 12. g5 Ng8 13. O-O-O O-O-O 14. Bb5 Nge7 15.
Nd5 Kb7 16. Nxe7 Qxe7 17. Nxc6 1-0

[Event "Tournoi francophone 010 Groupe D"]
[Site "Skype"]
[Date "????.??.??"]
[Round "4.6"]
[White "Canova, Felix"]
[Black "Lecluyse, Koenraad"]
[Result "0-1"]
[WhiteElo "1000"]
[BlackElo "1173"]
[PlyCount "62"]

1. e4 e6 2. d4 d5 3. exd5 exd5 4. Nc3 Nf6 5. Bg5 Bb4 6. a3 Bxc3+ 7. bxc3 O-O 8.
Nf3 Bg4 9. Be2 Bxf3 10. Bxf3 Re8+ 11. Be2 Qd6 12. c4 Ne4 13. c5 Qe6 14. f3 Nxg5
15. h4 Qf6 16. c3 Ne6 17. Bb5 c6 18. Be2 Nf4 19. Ra2 Nxg2+ 20. Kd2 Qf4+ 21. Kc2
Ne3+ 22. Kd3 Nxd1 23. Rxd1 Qe3+ 24. Kc2 Qxe2+ 25. Rd2 Qxf3 26. Ra1 Nd7 27. Rad1
Re3 28. Kb2 Rxc3 29. Rc1 Rxa3 30. Rcc2 Qb3+ 31. Kc1 Ra1# 0-1

[Event "Tournoi francophone 010 Groupe D"]
[Site "Skype"]
[Date "????.??.??"]
[Round "4.7"]
[White "Massez, Konrad"]
[Black "Gagnon, Sindy"]
[Result "1-0"]
[WhiteElo "1141"]
[BlackElo "1000"]
[PlyCount "65"]

1. e4 e5 2. d4 Nc6 3. dxe5 Nxe5 4. Nf3 Ng6 5. Nc3 Nf6 6. Bg5 Be7 7. Bc4 c6 8.
a3 d5 9. exd5 cxd5 10. Nxd5 Nxd5 11. Bxd5 O-O 12. Qd3 Qc7 13. O-O-O Bc5 14.
Rhf1 Re8 15. g3 a5 16. Bd2 Ra7 17. Bc3 b6 18. h4 Ba6 19. Bc4 b5 20. Bxb5 Bxb5
21. Qxb5 Rea8 22. Rd2 Qb6 23. Qxb6 Bxb6 24. Rfd1 f5 25. Ne5 Nxe5 26. Bxe5 Kf7
27. Rd6 Re7 28. Rd7 Rxd7 29. Rxd7+ Ke6 30. Rd6+ Kxe5 31. Rxb6 Re8 32. Rb3 Ke4
33. Re3+ 1-0

[Event "Tournoi francophone 010 Groupe D"]
[Site "Skype"]
[Date "????.??.??"]
[Round "4.8"]
[White "Morin, Claude"]
[Black "Schnell, Nicolas"]
[Result "0-1"]
[WhiteElo "1047"]
[BlackElo "1000"]
[PlyCount "42"]

1. e4 e5 2. Nf3 Nc6 3. c3 g5 4. d4 d6 5. Bxg5 Be7 6. Bc1 Nf6 7. d5 Nxe4 8. dxc6
Bh4 9. g3 Be7 10. Nbd2 Nc5 11. Bg2 Nd3+ 12. Kf1 Bg4 13. h3 Bf5 14. Nb3 bxc6 15.
Ne1 Nxe1 16. Bxc6+ Kf8 17. Bxa8 Qxa8 18. Rg1 Ng2 19. Rxg2 Bxh3 20. Qf3 Qxf3 21.
Kg1 Qxg2# 0-1